[Event "RUS-ch U21 2019"]
[Site "Loo"]
[Date "2019.04.24"]
[Round "5.4"]
[White "Khanin, Semen"]
[Black "Drygalov, Andrey"]
[Result "1-0"]
[WhiteElo "2524"]
[BlackElo "2481"]
[Annotator "TA"]
[PlyCount "203"]
[EventDate "2019.04.20"]
[EventType "tourn"]
[EventCountry "RUS"]
[SourceTitle "playchess.com"]
[Source "ChessBase"]
[SourceQuality "1"]

{[%evp 15,203,12,25,23,27,25,24,22,24,23,18,16,32,17,36,29,60,61,62,61,71,68,74,75,72,79,77,86,154,81,64,70,160,152,160,110,110,124,122,110,133,83,84,86,91,75,77,85,91,92,75,93,79,82,292,293,290,283,274,282,462,457,441,434,567,567,567,567,548,550,453,201,177,0,0,0,194,194,194,194,194,194,194,194,194,194,194,194,194,194,194,194,194,194,194,194,194,194,208,208,208,208,208,208,208,208,208,208,208,208,208,208,208,208,208,208,208,208,370,208,208,208,208,208,208,36,208,208,208,40,208,208,208,208,208,208,208,208,208,208,208,208,208,208,208,208,208,208,208,208,29970,29971,29971,29972,29972,29973,29973,29974,29975,29975,29977,29981,29982,29983,29984,29985,29985,29986,29986,29982,29983,29980,29985,29980,29979,29980,29980,29981,29982,29981,29984,29985,29985,29986,29988,29988,29988,29989,29989,29989]} 1. e4 c5 2. Nf3 d6 3. d4 cxd4 4. Nxd4 Nf6 5. Nc3 a6 6. f3 e5 7. Nb3 Be6 8. Be3 h5 (8... Nbd7 {is interesting.} 9. Qd2 h5 10. O-O-O Be7 11. Kb1 Qc7) 9. Nd5 {B90: Sicilian Najdorf: Unusual White 6th moves, 6 Be3 Ng4 and 6 Be3 e5} ({Predecessor:} 9. Qd2 Nbd7 10. Nd5 Bxd5 {½-½ (32) Samerdokas,A (2344)-Carolei,A (2369) ICCF email 2012}) 9... Bxd5 10. exd5 Nbd7 11. Qd2 {White has an edge.} g6 12. Be2 $146 (12. O-O-O Bg7 13. Kb1 Qc7 14. Be2 a5 15. a4 O-O 16. g4 Rfc8 17. Bb5 hxg4 18. fxg4 Nxg4 {0-1 (75) Robson,R (2667)-Saric,I (2690) chess.com INT 2019}) 12... Bg7 13. O-O O-O 14. Na5 Qc7 15. c4 b6 16. Nc6 Nb8 17. Nb4 a5 18. Nc2 Nbd7 19. Na3 Nc5 20. Nb5 Qd7 21. Rab1 e4 ({Better is} 21... Ne8) 22. Bf4 (22. f4 $142 $1) 22... exf3 $16 23. Bxf3 Ne8 (23... Nfe4 $14 24. Bxe4 Nxe4) 24. Rbe1 Rd8 25. Bd1 f5 26. Bf3 Kh7 27. Re2 Bf6 28. Rfe1 Qg7 29. Bg3 a4 30. h4 Kg8 31. Qc2 f4 32. Bf2 $1 $36 {[%mdl 2048] White is in control.} ({Much worse is} 32. Bxf4 $6 Bxh4 33. g3 Rxf4 $11) 32... Be5 33. b4 axb3 34. axb3 {[%cal Ba2b3,Bb3b4][%mdl 32]} Rc8 $2 (34... Rb8 $16 35. b4 Nd7) 35. b4 $18 Nd7 36. Na7 Rc7 37. Nc6 $1 Nef6 $2 (37... Rf5 38. Qa2 Kh7) 38. c5 bxc5 39. bxc5 (39. Nxe5 Nxe5 40. bxc5 Nfg4 $16) 39... Ng4 40. cxd6 Bxd6 41. Re6 {[%mdl 64] Double Attack} Rf6 42. Bxg4 hxg4 43. Bd4 (43. Qb1 $142) 43... Rxe6 44. dxe6 $2 (44. Bxg7 $18 Rxe1+ 45. Kf2 Kxg7 46. Kxe1) 44... Rxc6 $1 $11 45. Qe4 Qxd4+ $2 (45... Bc5 $1 $11 46. Bxc5 Nxc5 47. Qxc6 Nd3) 46. Qxd4 $18 Bc5 47. Qxc5 $1 {[%mdl 64] Remove Defender} Nxc5 {[%mdl 4096] Endgame KRN-KR} 48. e7 Rc8 {Threatens to win with ...Kf7.} 49. e8=Q+ Rxe8 50. Rxe8+ {KR-KN} Kf7 51. Re5 Ne6 52. Kf2 Kf6 53. Rd5 Ng7 54. Rg5 Ne6 55. Ra5 $1 Ng7 56. g3 Nf5 57. gxf4 Nxh4 {[#]} 58. Kg3 $1 Nf5+ 59. Kxg4 {Black must now prevent Ra6+.} Nh6+ 60. Kf3 Nf7 61. Ra6+ Kf5 62. Rb6 Nh6 63. Rb5+ Kf6 64. Ke4 Ng4 65. Rb6+ Kf7 66. Ra6 Nf6+ $2 (66... Kg7 67. Kf3 Nh6) 67. Kd4 (67. Kf3 $142) 67... Ng4 68. Kd5 Nf6+ 69. Kd6 $1 Ng4 70. Ra8 $2 (70. Kc5 $18) 70... Nh6 $2 (70... Kf6 $1 $14) 71. Rb8 Ng4 72. Rh8 $2 (72. Kd5 $1 $18) 72... Nf6 $2 (72... Kf6 $1 $14) 73. Rh4 Ne4+ 74. Ke5 Nf6 75. Rh8 {Intending Rf8+ and mate.} Ng4+ 76. Ke4 Nf6+ 77. Kf3 Nh5 78. Kg4 {Strongly threatening Kg5.} ({Less strong is} 78. f5 Nf6 $14) 78... Ng7 79. Ra8 Ne6 80. Ra7+ Kf6 81. Ra6 Kf7 82. Kf3 Nf8 $2 {[#]} (82... Ng7 $18 83. Ke4 Nf5) 83. Ra7+ $1 {White mates.} Ke6 84. Rb7 Kf6 {[#]} 85. Ke4 $1 Ke6 86. Rb6+ Kf7 87. Rd6 Kg7 88. Ke5 Nh7 89. Rd7+ Kh6 90. Rf7 g5 91. f5 g4 92. Kf4 Ng5 93. Rf8 g3 94. Kxg3 Kg7 95. Ra8 Kf6 96. Kg4 Nf7 97. Ra6+ Kg7 98. Kf4 Kf8 99. f6 Nh6 100. Kg5 Nf7+ 101. Kg6 Ne5+ 102. Kf5 {Accuracy: White = 75%, Black = 59%.} 1-0

[Event "RUS-ch U21 2019"]
[Site "Loo"]
[Date "2019.04.24"]
[Round "5.5"]
[White "Yeletsky, Ivan"]
[Black "Triapishko, Alexandr"]
[Result "1/2-1/2"]
[WhiteElo "2409"]
[BlackElo "2506"]
[Annotator "TA"]
[PlyCount "81"]
[EventDate "2019.04.20"]
[EventType "tourn"]
[EventCountry "RUS"]
[SourceTitle "playchess.com"]
[Source "ChessBase"]
[SourceQuality "1"]

{[%evp 12,81,50,43,49,45,49,13,13,20,17,15,28,16,4,0,0,0,0,-4,0,0,0,0,0,0,0,0,0,5,11,0,0,0,0,0,0,0,0,0,0,0,0,-3,-2,-3,0,0,0,0,0,0,0,0,0,0,0,0,0,0,0,0,0,0,0,0,0,0,0,0,0,0]} 1. e4 e5 2. Nf3 Nc6 3. Bb5 a6 4. Ba4 d6 5. O-O Nf6 6. c3 Bd7 7. d4 g6 {C79: Ruy Lopez: Steinitz-type lines with 3...a6 4 Ba4 Nf6 5 0-0 d6} 8. Nbd2 (8. d5 {feels hotter.} Ne7 9. Bxd7+ Nxd7 10. Be3 h6 11. Nfd2) (8. Re1 b5 9. Bc2 Bg7 10. Nbd2 O-O 11. dxe5 Nxe5 12. Nxe5 dxe5 13. Nb3 Qe7 14. Be3 Rfd8 15. Qf3 h5 16. h3 Nh7 17. Nc5 Bc6 18. Bb3 Bf6 {½-½ (30) Perez Ponsa,F (2553)-Adams,M (2709) Caleta 2018}) 8... Bg7 9. Bxc6 (9. Re1 {is interesting.} O-O 10. h3 b5 11. Bc2 Re8 12. Nf1) 9... Bxc6 10. dxe5 dxe5 11. Nxe5 Bxe4 12. Nxe4 Qxd1 {The position is equal.} 13. Rxd1 Nxe4 {[#]} 14. Re1 $146 ({Predecessor:} 14. Nc4 O-O 15. Bf4 {½-½ (22) Geller,J (2510)-Klovans,J (2428) Pardubice 2008}) 14... Bxe5 15. Rxe4 O-O-O {[#] ( -> ...Rd1+)} 16. Bh6 Rd5 17. Rae1 Rhd8 18. h4 f6 19. g3 b5 20. Kg2 Rd1 21. a4 Rxe1 22. Rxe1 $11 {[%mdl 4096] Endgame KRB-KRB} Kd7 23. axb5 axb5 24. Ra1 Rb8 25. Bd2 b4 26. cxb4 Bxb2 27. Rb1 Be5 28. b5 c6 29. bxc6+ Kxc6 30. Rc1+ Kd7 31. Bc3 Rc8 32. Rd1+ Ke6 33. Bxe5 fxe5 {KR-KR} 34. Ra1 h5 35. Ra6+ Kf7 36. Ra4 Rc3 37. Re4 Kf6 38. Ra4 Rb3 39. Ra8 Rc3 40. Rb8 Ra3 41. Rc8 {Accuracy: White = 80%, Black = 89%.} 1/2-1/2

[Event "RUS-ch U21 2019"]
[Site "Loo"]
[Date "2019.04.25"]
[Round "6.1"]
[White "Murzin, Volodar"]
[Black "Triapishko, Alexandr"]
[Result "*"]
[WhiteElo "2407"]
[BlackElo "2506"]
[Annotator "TA"]
[PlyCount "25"]
[EventDate "2019.04.20"]
[EventType "tourn"]
[EventCountry "RUS"]
[SourceTitle "playchess.com"]
[Source "ChessBase"]
[SourceQuality "1"]

{[%evp 9,23,20,24,10,20,1,10,25,31,11,22,28,18,16,21,25]} 1. e4 c6 2. Nf3 d5 3. Nc3 {[%cal Bb1c3,Bc3e2,Be2g3][%mdl 32]} Nf6 4. e5 Ne4 5. Ne2 Qb6 {[%csl Ge4][%cal Rb6f2] [#]} 6. d4 {B11: Caro-Kann: Two Knights Variation} e6 7. Ng3 c5 8. c3 Bd7 9. Bd3 cxd4 10. Nxd4 Nxg3 11. hxg3 Nc6 12. Nf3 {Predecessor:} O-O-O $146 13. O-O {1-0 (30) Andriasian,Z (2591)-Vidit,S (2718) chess.com INT 2018} *

[Event "RUS-ch U21 2019"]
[Site "Loo"]
[Date "2019.04.25"]
[Round "6.1"]
[White "Murzin, Volodar"]
[Black "Triapishko, Alexandr"]
[Result "1/2-1/2"]
[WhiteElo "2407"]
[BlackElo "2506"]
[Annotator "TA"]
[PlyCount "142"]
[EventDate "2019.04.20"]
[EventType "tourn"]
[EventCountry "RUS"]
[SourceTitle "playchess.com"]
[Source "ChessBase"]
[SourceQuality "1"]

{[%evp 9,142,30,16,23,16,24,24,25,21,18,33,23,18,18,33,22,35,19,62,66,123,56,45,63,40,62,65,0,0,0,0,0,27,-73,-46,-73,-79,-53,0,0,33,0,0,-115,-120,-170,0,0,0,-103,13,16,24,45,54,58,54,51,66,0,196,189,261,274,284,317,290,304,302,310,420,431,490,460,465,484,452,252,525,453,483,389,433,431,434,450,450,450,434,418,437,427,378,79,256,251,233,208,224,161,176,8,8,8,8,8,8,8,8,8,8,8,8,8,8,8,8,8,8,0,8,8,8,8,8,8,8,8,8,8,8,8,8,8,8]} 1. e4 c6 2. Nf3 d5 3. Nc3 {[%cal Bb1c3,Bc3e2,Be2g3][%mdl 32]} Nf6 4. e5 Ne4 5. Ne2 Qb6 {[%csl Ge4][%cal Rb6f2]} 6. d4 {B11: Caro-Kann: Two Knights Variation} e6 7. Ng3 c5 8. c3 {White has an edge.} Bd7 9. Bd3 cxd4 10. Nxd4 Nxg3 11. hxg3 Nc6 12. Nf3 O-O-O 13. Qe2 $146 (13. Rxh7 Rxh7 14. Bxh7 Bc5 $17) ({Predecessor:} 13. O-O) 13... f6 14. Bf4 (14. Rxh7 Bc5 $15) 14... a5 (14... h6 $14) 15. g4 ({Stronger than} 15. Rxh7 Bc5 $15) (15. O-O $16) 15... Bc5 $14 16. Bg3 Rdf8 17. exf6 gxf6 18. Rh6 (18. O-O-O $14) 18... e5 $11 19. Bf5 Bxf5 20. gxf5 Rhg8 21. Nh4 (21. Rxh7 $11 Rd8 22. Qc2) 21... Rg7 22. Rd1 Rd7 23. Kf1 a4 (23... d4 $15) 24. Nf3 $14 e4 25. Nh2 d4 $1 26. Qxe4 (26. Qc4 $11 {remains equal.}) 26... Qxb2 $17 {[%mdl 64] Double Attack} 27. Kg1 Qxc3 $2 (27... Re7 $1 $19 {[%cal Re7e4]} 28. Qd5 Qc2) 28. Nf3 Qc4 29. Qb1 (29. Qe6 $11 Qxe6 30. fxe6) 29... b6 ({Black should try} 29... d3 $1 $17 30. Rh4 Qc2) 30. Nd2 $11 Qd5 $1 {next ...d3 is good for Black.} 31. Ne4 d3 ({Don't blunder} 31... Rdf7 $2 32. Rc1 $18) 32. Nxf6 Rxf6 33. Rxf6 Kb7 34. Kh1 ({Better is} 34. Rh6 $14) 34... a3 $2 (34... Ne7 $11 {and Black is okay.} 35. Qb5 Nxf5) 35. Qb5 $18 Na7 (35... Bb4 {is a better defense.} 36. Qxd5 Rxd5) 36. Qa4 Qd4 37. Qxd4 Rxd4 38. Rf7+ Ka6 39. Rxh7 Nc6 40. f6 Nb4 41. f7 Nxa2 {Threatens to win with ...Nc3.} 42. Be5 Rd5 43. Bg7 (43. Ba1 $142) 43... Rd7 $2 (43... Rf5 {might work better.}) 44. Bf6 b5 45. f8=N Rxh7+ 46. Nxh7 b4 {...Nc3 is the strong threat.} 47. Rxd3 Kb5 {With the idea ...Kc4.} 48. Ng5 $1 Kc4 49. Rd8 $1 Nc3 {[#]} 50. Nf3 $1 Ne4 51. Bg7 $2 (51. Nd2+ $18 {is the precise move to win.} Nxd2 52. Rxd2) 51... Nxf2+ $2 {[#]} (51... b3 $16 {was called for.}) 52. Kh2 $1 Ne4 53. Ne5+ Kb3 54. Nd3 Bd6+ 55. Rxd6 $2 (55. Kg1 $18) 55... Nxd6 $11 {The position is equal.} 56. Bf8 Ne4 $132 {[%mdl 2048] Black is not keeping still} ({But not} 56... a2 $2 57. Nc1+ Kc4 58. Nxa2 $18) 57. Nxb4 {Strongly threatening Kh3.} a2 $1 {[%cal Ra2a1] [#]} 58. Nxa2 $1 Kxa2 {[%mdl 4096] Endgame KB-KN} 59. Kh3 {aiming for Kg4.} Kb3 60. Kg4 {Black must now prevent Kf5.} Kc4 61. Kf5 Kd5 62. g4 Ng3+ 63. Kf4 Ne4 64. Kf5 Ng3+ 65. Kg6 Ke6 66. Kh6 Kf7 67. Bb4 Ne4 68. Ba3 Nf6 69. g5 Ng8+ 70. Kh7 Nf6+ $1 71. gxf6 Kxf6 {Accuracy: White = 57%, Black = 48%.} 1/2-1/2

[Event "RUS-ch U21 2019"]
[Site "Loo"]
[Date "2019.04.25"]
[Round "6.2"]
[White "Drygalov, Andrey"]
[Black "Yeletsky, Ivan"]
[Result "1-0"]
[WhiteElo "2481"]
[BlackElo "2409"]
[Annotator "TA"]
[PlyCount "83"]
[EventDate "2019.04.20"]
[EventType "tourn"]
[EventCountry "RUS"]
[SourceTitle "playchess.com"]
[Source "ChessBase"]
[SourceQuality "1"]

{[%evp 18,83,20,0,2,20,37,35,42,-8,0,-6,0,-20,-5,-7,-7,-6,0,-15,-14,-30,0,0,0,0,0,-6,-16,-13,-6,-2,-2,-6,0,0,0,-60,0,0,6,-97,-55,-83,0,0,0,0,45,6,0,10,513,483,600,607,593,588,467,457,1068,1051,1166,1133,1556,1058,29966,29972]} 1. e4 c5 2. Nf3 d6 3. d4 cxd4 4. Nxd4 Nf6 5. Nc3 a6 6. Be3 e5 7. Nb3 Be6 8. f3 Nbd7 9. Qd2 b5 10. O-O-O h5 {B90: Sicilian Najdorf: Unusual White 6th moves, 6 Be3 Ng4 and 6 Be3 e5} 11. Nd5 Bxd5 12. exd5 Nb6 {White is slightly better.} 13. Kb1 $146 ({Predecessor:} 13. Qc3 g6 14. Na5 Nbd7 15. Kb1 Rc8 16. Qa3 Qc7 17. c4 Bh6 18. Bxh6 Rxh6 {1-0 (31) Cheparinov,I (2709)-Van Foreest,J (2614) Skopje 2018}) 13... Nfxd5 14. Bf2 Be7 15. Bd3 {[#] Strongly threatening Be4.} Nf4 16. Be4 {Threatens to win with Bxb6.} Nc4 17. Qe1 $1 Rb8 18. g3 Ne6 19. f4 exf4 20. Bd5 O-O 21. Bxe6 fxe6 22. Qxe6+ Rf7 23. gxf4 Qc8 24. Qe2 Qf5 25. Bd4 Qg4 26. Qd3 {aiming for Rhg1.} Rbf8 27. Rdf1 (27. Rhf1 $11) 27... Bf6 ({Black should try} 27... Qf5 $1 $15) 28. Rhg1 $11 Qh4 29. Rg2 (29. a3 $11 {remains equal.}) 29... Be5 30. f5 {[#]} a5 (30... Bxd4 $1 $17 31. Nxd4 Re8) 31. Bf2 $36 {[%mdl 2048] White fights for an advantage.} Qf4 32. Bd4 Qh6 (32... Qh4 $5 {[%cal Ra5a4]}) 33. Bxe5 dxe5 34. a4 Ne3 $2 {[%mdl 8192]} (34... Qc6 $11 35. Rg6 e4) 35. Rg6 $18 Qxg6 36. fxg6 Rxf1+ 37. Ka2 bxa4 {and if ...Nxc2 works, Black does fine.} 38. Nc5 Rd1 (38... Ng4 $142 39. h3 Nh6) 39. Qxe3 Rff1 40. Nxa4 Ra1+ 41. Kb3 Rf4 42. Qxe5 {[%mdl 64] Double Attack. Accuracy: White = 52%, Black = 37%.} 1-0

[Event "RUS-ch U21 2019"]
[Site "Loo"]
[Date "2019.04.25"]
[Round "6.3"]
[White "Pogosyan, Stefan"]
[Black "Khanin, Semen"]
[Result "1/2-1/2"]
[WhiteElo "2344"]
[BlackElo "2524"]
[Annotator "TA"]
[PlyCount "179"]
[EventDate "2019.04.20"]
[EventType "tourn"]
[EventCountry "RUS"]
[SourceTitle "playchess.com"]
[Source "ChessBase"]
[SourceQuality "1"]

{[%evp 9,178,14,17,0,17,7,19,7,8,10,18,28,28,20,26,16,18,18,18,13,18,14,28,24,59,60,64,60,80,81,79,77,154,145,143,150,139,149,147,140,138,141,142,94,111,79,78,78,77,77,78,82,63,27,35,35,35,27,31,31,60,42,39,39,40,-70,-64,-48,58,58,58,58,58,58,58,69,77,58,58,58,58,58,93,93,93,85,85,85,85,85,85,85,85,85,85,85,85,85,85,85,85,85,85,85,85,85,85,0,85,85,85,85,85,85,85,85,85,85,85,85,85,85,85,85,85,85,85,85,85,85,85,85,92,92,92,92,92,92,92,70,77,84,92,92,92,92,92,92,92,92,92,92,92,92,92,92,92,92,92,83,84,92,83,83,83,83,86,0,0,0,0]} 1. d4 Nf6 2. c4 e6 3. Nf3 d5 4. Nc3 a6 5. c5 (5. cxd5 exd5 6. Bg5 Be6 7. e3 Nbd7 8. Bd3 h6 9. Bf4 g5 10. Bg3 Nh5 11. Be5 Nhf6 12. Bg3 Nh5 13. Ne2 Nxg3 14. Nxg3 {1-0 (61) Leko,P (2679)-Caruana,F (2832) Germany 2019}) 5... b6 6. cxb6 $1 {D37: Queen's Gambit Declined: 5 Bf4} cxb6 7. Bf4 Bd6 8. Bxd6 Qxd6 9. e3 Nbd7 10. Bd3 Bb7 11. O-O O-O 12. Qe2 $146 ({Predecessor:} 12. Rc1 b5 13. Nb1 Rac8 14. Nbd2 Nb6 15. Nb3 Nbd7 16. Qe2 {½-½ (16) Skulener,W (2390)-Hammes,M (2340) Germany 2017}) 12... b5 13. a4 b4 14. Nb1 {[%cal Bc3b1,Bb1d2,Bd2b3][%mdl 32]} a5 15. Nbd2 Rfc8 16. Nb3 Ne4 17. Rfc1 Qb6 18. Bb5 $36 {[%mdl 2048] White is pushing.} Bc6 19. Ne5 Nxe5 20. dxe5 Bb7 (20... h6 $142) 21. Qd3 $16 f6 {[#]} 22. Qd4 $1 Qd8 23. f3 fxe5 24. Qxe5 Qd6 25. Qxd6 Nxd6 26. Nc5 Bc6 27. Bxc6 Rxc6 28. Nxe6 Rxc1+ 29. Rxc1 {[%mdl 4096] Endgame KRN-KRN} Re8 30. Nf4 Rxe3 31. Nxd5 Re2 32. b3 Rb2 33. Rc5 Rxb3 34. Rxa5 Rb1+ 35. Kf2 b3 36. Ne3 Rb2+ 37. Kg3 ({White must play} 37. Ke1 $14) 37... Re2 $15 {[%mdl 1024] Black has compensation.} 38. Nd1 b2 (38... Rd2 $15 39. Ra8+ Kf7) 39. Ra8+ $14 Kf7 40. Rb8 $1 Nc4 {With the idea ...Rd2.} 41. a5 $1 {[%cal Ra5a6]} Re5 42. Nxb2 Nxb2 43. Rxb2 {Hoping for a6.} (43. a6 {is more complex.} Ra5 44. Rxb2 Rxa6 45. Rb5 Kg6 46. h4) 43... Rxa5 {KR-KR} 44. h4 h6 45. Rb6 Ra4 46. h5 Ra2 47. f4 Rc2 48. Kf3 Ra2 49. Rd6 Ra3+ {[#]} 50. Kg4 $1 Ra5 51. Rb6 Rc5 52. g3 Ra5 53. Rb3 Kf6 54. Kh4 Ra4 55. Kh3 Ra5 56. g4 Ra1 57. Rb6+ Kf7 58. Rb3 (58. Rb7+ $16 Kf6 59. Rd7) 58... Rg1 (58... Kf6 $1 $11) 59. Kh4 Rh1+ 60. Kg3 Kf6 61. Kg2 Ra1 62. Kf2 Kf7 63. Kf3 Kf6 64. Rb6+ Kf7 65. Rb4 Ra5 66. Ke4 Kf6 67. Rb6+ Kf7 68. Rd6 Ra7 69. Ke5 Re7+ 70. Kf5 Ra7 71. g5 Ra5+ 72. Kg4 hxg5 73. fxg5 Ra4+ 74. Kf5 Ra5+ 75. Kf4 Rb5 76. Rd7+ Kf8 77. Kg4 Rb8 78. Ra7 Kg8 79. g6 Rc8 80. Kf5 Rb8 81. Ke6 {Threatens to win with Ke7.} Rc8 82. Kd7 Rb8 83. Rc7 {Black must now prevent Rc8+.} Ra8 84. Rc8+ Rxc8 85. Kxc8 $16 {KPP-KP} Kh8 86. Kd7 {Strongly threatening Kd6.} Kg8 87. Ke6 Kh8 88. h6 (88. Ke5 $16) 88... Kg8 $11 89. h7+ Kh8 90. Kd5 {Accuracy: White = 77%, Black = 66%.} 1/2-1/2

[Event "RUS-ch U21 2019"]
[Site "Loo"]
[Date "2019.04.25"]
[Round "6.4"]
[White "Gaifullin, Artur"]
[Black "Galaktionov, Artem"]
[Result "1-0"]
[WhiteElo "2453"]
[BlackElo "2332"]
[Annotator "TA"]
[PlyCount "47"]
[EventDate "2019.04.20"]
[EventType "tourn"]
[EventCountry "RUS"]
[SourceTitle "playchess.com"]
[Source "ChessBase"]
[SourceQuality "1"]

{[%evp 9,47,22,279,56,93,81,102,42,45,41,46,46,47,39,32,34,33,38,28,27,36,35,55,53,41,45,45,56,76,77,80,50,48,43,43,48,191,179,572,539]} 1. Nf3 g6 2. d4 Bg7 3. e4 d6 4. Bc4 c6 5. a4 (5. Bb3 a5 6. a4 Nf6 7. Qe2 O-O 8. O-O Na6 9. c3 Qc7 10. Na3 e5 11. h3 exd4 12. cxd4 Re8 13. Ng5 d5 14. e5 h6 15. Qf3 Nh7 16. Nxh7 Kxh7 {1-0 (57) Van Foreest,J (2614)-Banikas,H (2601) Skopje 2018}) 5... Nd7 $2 {[%mdl 8192] [#]} (5... Nf6 $11) 6. O-O $146 {B06: Modern Defence} (6. Bxf7+ $1 $18 {[%mdl 512]} Kxf7 7. Ng5+ Ke8 8. Ne6 {[%mdl 64] Double Attack}) ({Predecessor:} 6. a5 Ngf6 7. e5 Nd5 8. Nc3 dxe5 9. Bxd5 cxd5 10. Nxd5 e6 11. Nc3 exd4 12. Nxd4 a6 {0-1 (41) Brandt,J (1799)-Junge,K (1693) Uckley 2000}) 6... e5 7. Ng5 Nh6 {[#]} 8. Bxf7+ (8. d5 $1 $16) 8... Nxf7 $14 9. Ne6 $1 {[%csl LRd8,LRg7][%mdl 64] Double Attack} Qe7 10. d5 Nf6 11. Nxg7+ Kf8 {Threatens to win with ...cxd5.} 12. Ne6+ $1 Bxe6 13. dxe6 Qxe6 14. Qe2 Kg7 15. c4 d5 16. exd5 cxd5 17. cxd5 Nxd5 18. Bd2 Rac8 19. Nc3 Nf6 20. Be3 a6 21. a5 Qc4 22. Qf3 Qb3 {[#]} (22... Rc6 $14) 23. Ne4 $1 $18 Nxe4 $2 {[#]} (23... Qe6 {is more resistant.} 24. Nxf6 Qxf6) 24. Bh6+ $1 {[%mdl 576] Discovered Attack. Accuracy: White = 67%, Black = 43%.} 1-0

[Event "RUS-ch U21 2019"]
[Site "Loo"]
[Date "2019.04.25"]
[Round "6.5"]
[White "Ofitserian, Boris"]
[Black "Drygalov, Sergey"]
[Result "*"]
[WhiteElo "2409"]
[BlackElo "2485"]
[Annotator "TA"]
[PlyCount "33"]
[EventDate "2019.04.20"]
[EventType "tourn"]
[EventCountry "RUS"]
[SourceTitle "playchess.com"]
[Source "ChessBase"]
[SourceQuality "1"]

{[%evp 10,20,8,15,0,10,19,0,10,0,-6,-14,-19]} 1. c4 e5 2. g3 Nf6 3. Bg2 d5 4. cxd5 Nxd5 5. Nc3 Nb6 6. e3 {The position is equal.} Nc6 {A22: English Opening: 1...e5 2 Nc3 Nf6} 7. Nge2 h5 8. d4 h4 9. d5 Ne7 10. a4 (10. e4 hxg3 11. hxg3 Rxh1+ 12. Bxh1 Ng8 13. Be3 Nf6 14. Qc2 {0-1 (57) Ponkratov,P (2613)-Karjakin,S (2760) Riadh 2017}) 10... c6 {Predecessor:} 11. e4 $146 cxd5 12. exd5 Nc4 13. a5 Nd6 14. Ne4 Nef5 15. O-O hxg3 16. hxg3 Nxe4 17. Bxe4 {½-½ (17) Klekowski,M (2471)-Nevednichy,V (2524) Konya 2017} *

[Event "RUS-ch U21 2019"]
[Site "Loo"]
[Date "2019.04.25"]
[Round "6.5"]
[White "Ofitserian, Boris"]
[Black "Drygalov, Sergey"]
[Result "0-1"]
[WhiteElo "2409"]
[BlackElo "2485"]
[Annotator "TA"]
[PlyCount "76"]
[EventDate "2019.04.20"]
[EventType "tourn"]
[EventCountry "RUS"]
[SourceTitle "playchess.com"]
[Source "ChessBase"]
[SourceQuality "1"]

{[%evp 10,76,0,0,0,17,9,0,2,-2,0,-18,-17,-80,-77,-111,-83,-100,-90,-150,-81,-87,-88,-82,-73,-80,-87,-119,-90,-74,-86,-82,-82,-72,-67,-97,-90,-91,-94,-158,-87,-85,-80,-143,-129,-258,-180,-235,-230,-216,-172,-302,-285,-321,-276,-363,-286,-324,-310,-306,-227,-237,-233,-224,-167,-308,-295,-342,-333]} 1. c4 e5 2. g3 Nf6 3. Bg2 d5 4. cxd5 Nxd5 5. Nc3 Nb6 6. e3 Nc6 {A22: English Opening: 1...e5 2 Nc3 Nf6} 7. Nge2 h5 8. d4 h4 {The position is equal.} 9. d5 Ne7 10. a4 (10. e4 hxg3 11. hxg3 Rxh1+ 12. Bxh1 Ng8 13. Be3 Nf6 14. Qc2 {0-1 (57) Ponkratov,P (2613)-Karjakin,S (2760) Riadh 2017}) 10... c6 11. dxc6 $146 (11. e4 $11 {remains equal.}) ({Predecessor:} 11. e4 cxd5 12. exd5 Nc4 13. a5 Nd6 14. Ne4 Nef5 15. O-O hxg3 16. hxg3 Nxe4 17. Bxe4 {½-½ (17) Klekowski,M (2471)-Nevednichy,V (2524) Konya 2017}) 11... Qxd1+ $17 12. Kxd1 bxc6 13. e4 Ba6 14. Kc2 (14. a5 $142 Rd8+ 15. Ke1) 14... Ng6 (14... Rd8 $142 $1 15. b3 Bd3+ 16. Kb2 Nc4+ $1 {[%mdl 512]} 17. Ka2 Rb8) 15. a5 Nd7 $1 16. Be3 {[#]} Bc5 $1 17. Bxc5 Nxc5 18. Rad1 Ke7 19. b4 Ne6 20. Bh3 Rab8 21. Bxe6 Kxe6 22. f4 {[#] Strongly threatening f5+.} Ke7 $1 23. f5 Nf8 24. Rb1 (24. Kb3 $142) 24... hxg3 (24... Nd7 $142 25. g4 Nf6) 25. Nxg3 Rh3 26. Na4 ({White should play} 26. Rb2) 26... Nd7 27. Rbd1 (27. Kc1 $17) 27... Bb5 28. Nc3 (28. Ra1 $142) 28... Bc4 $19 29. Rd2 Nf6 30. Nd1 (30. Rb1 $142) 30... Rxb4 31. Nf2 Rh8 32. Kc3 Rhb8 33. Rc1 Ba6 {Hoping for ...Rc4+.} 34. Kc2 Rb2+ 35. Kd1 Rxd2+ 36. Kxd2 Rb2+ 37. Ke3 (37. Rc2 $142 Rxc2+ 38. Kxc2) 37... Bb5 38. Rc3 Ra2 {Accuracy: White = 29%, Black = 70%.} 0-1